The Office: Where Are They Now? Quiz Stats

 Plays Quiz Updated Nov 14, 2015

Score 0/18 Timer 04:00
6 Plays Today
Where They Are Character % Correct
Working in the Cornell admissions office.Andy
90.8%
Newly married Regional Manager at Dunder-Mifflin Scranton.Dwight
89%
Secretly selling her house to move to Austin.Pam
86.5%
Moving to Austin, fired as Assistant to the Regional Manager (for the severance).Jim
85.9%
Under arrest.Creed
84.6%
Reconnecting with her birth parents.Erin
83.4%
'Running off into the sunset' with an old boyfriend.Kelly
82.6%
Retired to Florida City, Florida, where his divorce papers were delivered by fan boat.Stanley
82.3%
Returning to his family in Colorado; proud subscriber to a wireless family plan.Michael
82.2%
Where They Are Character % Correct
Attempting to fatten up her new desk mate.Phyllis
81.5%
Owner of a Scranton bar.Kevin
81.3%
Running for Pennsylvania State Senate.Oscar
79.2%
Working at Dunder-Mifflin and encouraging her 'entrepreneur' son.Meredith
77.7%
Living in Austin, having opened a branch of Athleap (formerly Athlead).Darryl
76.8%
Remarried after a three-hour stint in a car trunk (it's a family tradition).Angela
74.7%
'Finally mastering commitment' by abandoning his son.Ryan
74.5%
Living in New York with six roommates to 'write the great American novel.'Toby
69.1%
Somewhere in Europe with a new child.Nellie
53.7%

You're not logged in!

Compare scores with friends on all Sporcle quizzes.
OR
Log In

Sporcle TV

Today on Sporcle TV


Watch our educational content, quiz creation guides, and fun videos on Sporcle TV.

Show Comments

Extras

Top Quizzes Today


Score Distribution

Your Account Isn't Verified!

In order to create a playlist on Sporcle, you need to verify the email address you used during registration. Go to your Sporcle Settings to finish the process.

Report this User

Report this user for behavior that violates our Community Guidelines.

Details: